United Nation Asia and the far east seminar on training for community development and social work, Lahore, West Pakistan (Record no. 1441387)

MARC details
000 -LEADER
fixed length control field 00530nam a2200169Ia 4500
005 - DATE AND TIME OF LATEST TRANSACTION
control field 20250923144629.0
008 - FIXED-LENGTH DATA ELEMENTS--GENERAL INFORMATION
fixed length control field 008 250917s9999 xx 000 0 eng d
037 ## - SOURCE OF ACQUISITION
Stock number Textual
040 ## - CATALOGING SOURCE
Original cataloging agency DSWL
Language of cataloging eng
Transcribing agency DSWL
041 ## - LANGUAGE CODE
Language code of text/sound track or separate title eng
Source of code eng
084 ## - COLON CLASSIFICATION NUMBER
Assigning agency DSWL
245 #0 - TITLE STATEMENT
Title United Nation Asia and the far east seminar on training for community development and social work, Lahore, West Pakistan
Statement of responsibility, etc. by United Nations
260 ## - PUBLICATION, DISTRIBUTION, ETC.
Place of publication, distribution, etc. New York
Name of publisher, distributor, etc. United Nations
Date of publication, distribution, etc. 1957
300 ## - PHYSICAL DESCRIPTION
Extent iii,86p.
942 ## - ADDED ENTRY ELEMENTS (KOHA)
Koha item type Textual
Holdings
Withdrawn status Lost status Damaged status Not for loan Home library Current library Date acquired Source of acquisition Inventory number Total Checkouts Barcode Date last seen Price effective from Koha item type
        Department of Social Work Library Department of Social Work Library 2025-09-23 Atma Ram & Sons Delhi Y/4732/58, 24.02.59   SW0005822 2025-09-23 2025-09-23 Textual
Copyright @ Delhi University Library System